El alma de España

-д хадгалсан:
Номзүйн дэлгэрэнгүй
Үндсэн зохиолч: Ellis, Havelock (Зохиогч)
Формат: Ном
Хэл сонгох:испани
Хэвлэсэн: Barcelona, España Araluce 1928
Нөхцлүүд:
Шошгууд: Шошго нэмэх
Шошго байхгүй, Энэхүү баримтыг шошголох эхний хүн болох!

MARC

LEADER 00000nam a2200000 a 4500
001 UCI2367
003 CL-VaPUC
005 20230119074138.0
008 070817e19280000SP |||||||||||||||||spa|d
999 |c 326970  |d 326968 
040 |c Pontificia Universidad Católica de Valparaíso 
082 0 4 |a 946 ELL 1928  |2 21 
100 0 |a Ellis, Havelock  |e author  |9 523381 
245 1 3 |a El alma de España 
260 |a Barcelona, España  |b Araluce  |c 1928 
300 |a 428 páginas 
500 |a Donación Padres Capuchinos 
583 |a last modification  |c 20121219 10:18:57  |k Rodrigo Vera 
650 0 |a Historia de España  |9 315435 
650 0 |a Arte español  |9 341293 
650 0 |a Literatura española  |9 306261 
650 0 |a Caballeros y caballería   |z ESPAÑA  |9 266046 
650 0 |a Teatro español  |9 265077 
650 0 |a Pintura española   |9 315217 
650 0 |a Filosofía española   |9 254895 
852 |a BIBCUR 
942 |c BK  |2 ddc 
945 |d 20070817 00:00:00  |a jtorresc 
952 |0 0  |1 0  |2 ddc  |4 0  |6 946_000000000000000_ELL_1928  |7 0  |8 X  |9 409300  |a BIBHIS  |b BIBHIS  |d 2019-11-22  |i 4363264  |o 946 ELL 1928  |p 4363264  |r 2024-01-30  |t 1  |w 2019-11-22  |y BK_X  |k HIS